Africa 6 to 1 Quiz Stats

Quiz Updated Jun 29, 2016

Challenge
Share
Tweet
Embed
Score 0/21 Timer 03:00
3 Plays Today
% Correct
Zimbabwe
95.8%
Zambia
93.2%
Ethiopia
90.8%
Kenya
90.2%
Chad
89.4%
Eritrea
88.3%
Tanzania
87.8%
Ghana
87.3%
Egypt
85.3%
Cameroon
84.6%
Guinea
83.9%
% Correct
Gabon
80.4%
The Gambia
78.8%
Togo
77%
Guinea-Bissau
75.7%
Central African Republic
75.3%
Tunisia
73.1%
Comoros
72.7%
Equatorial Guinea
68.3%
Cabo Verde
66.3%
Côte d’Ivoire
65.5%

You're not logged in!

Compare scores with friends on all Sporcle quizzes.
Join for Free
OR
Log In

You Might Also Like...

Show Comments

Extras

Top Quizzes Today


Score Distribution

Your Account Isn't Verified!

In order to create a playlist on Sporcle, you need to verify the email address you used during registration. Go to your Sporcle Settings to finish the process.

Report this User

Report this user for behavior that violates our Community Guidelines.

Details: